[Event "Lloyds Bank Masters 15th"]
[Site "London"]
[Date "1991.08.17"]
[Round "1"]
[White "Anastasian, Ashot"]
[Black "Shahal, Nir"]
[Result "1-0"]
[WhiteElo "2485"]
[BlackElo "2255"]
[PlyCount "50"]
[EventDate "1991.08.17"]
[EventType "swiss"]
[EventRounds "10"]
[EventCountry "ENG"]
[SourceTitle "BritBase"]
[Source "John Saunders"]
[SourceDate "2023.06.27"]
[SourceVersion "1"]
[SourceVersionDate "2023.06.27"]
[SourceQuality "1"]

1. d4 Nf6 2. c4 g6 3. Nc3 Bg7 4. Nf3 d6 5. h3 O-O 6. Bf4 Nbd7 7. e3 c6 8. Be2
a6 9. O-O b5 10. b3 Nb6 11. Rc1 h5 12. Bg5 b4 13. Bxf6 exf6 14. Ne4 f5 15. Nxd6
Qxd6 16. c5 Qc7 17. cxb6 Qxb6 18. Rc5 Bb7 19. Qc2 Rfe8 20. Rc1 Rac8 21. Ne5 Bf8
22. Rc4 Bd6 23. Nd3 Re6 24. Bf3 Bb8 25. d5 Qd4 1-0

[Event "Lloyds Bank Masters 15th"]
[Site "London"]
[Date "1991.08.17"]
[Round "1"]
[White "Baker, Chris W"]
[Black "Novikov, Igor A"]
[Result "0-1"]
[WhiteElo "2270"]
[BlackElo "2550"]
[PlyCount "78"]
[EventDate "1991.08.17"]
[EventType "swiss"]
[EventRounds "10"]
[EventCountry "ENG"]
[SourceTitle "BritBase"]
[Source "John Saunders"]
[SourceDate "2023.06.27"]
[SourceVersion "1"]
[SourceVersionDate "2023.06.27"]
[SourceQuality "1"]

1. e4 c5 2. c3 d5 3. exd5 Qxd5 4. d4 Nf6 5. Nf3 e6 6. Bd3 Be7 7. O-O O-O 8. Re1
Rd8 9. Bg5 Nc6 10. Qc2 cxd4 11. Bxf6 Bxf6 12. Bxh7+ Kf8 13. Be4 Qc5 14. Bxc6
bxc6 15. Qh7 d3 16. Nbd2 Qf5 17. Qxf5 exf5 18. Nb3 Rb8 19. Rad1 Be6 20. Nc5
Rxb2 21. Rxe6 fxe6 22. Nxe6+ Ke7 23. Nxd8 Kxd8 24. Rxd3+ Kc7 25. Kf1 Rxa2 26.
Nd4 a5 27. Rf3 a4 28. Rxf5 Kb6 29. g4 a3 30. g5 Bxd4 31. cxd4 Ra1+ 32. Kg2 a2
33. Rf3 Rb1 34. Ra3 a1=Q 35. Rxa1 Rxa1 36. h4 Ra4 37. f4 Rxd4 38. Kf3 c5 39. h5
c4 0-1

[Event "Lloyds Bank Masters 15th"]
[Site "London"]
[Date "1991.08.17"]
[Round "1"]
[White "Coleman, David J"]
[Black "Gurevich, Ilya"]
[Result "0-1"]
[WhiteElo "2265"]
[BlackElo "2495"]
[PlyCount "78"]
[EventDate "1991.08.17"]
[EventType "swiss"]
[EventRounds "10"]
[EventCountry "ENG"]
[SourceTitle "BritBase"]
[Source "John Saunders"]
[SourceDate "2023.06.27"]
[SourceVersion "1"]
[SourceVersionDate "2023.06.27"]
[SourceQuality "1"]

1. e4 c5 2. Nf3 e6 3. d4 cxd4 4. Nxd4 a6 5. Bd3 Nf6 6. O-O Qc7 7. Qe2 Bc5 8. c3
d6 9. Kh1 Bd7 10. Nd2 Nc6 11. Nxc6 Bxc6 12. b4 Ba7 13. a4 O-O 14. Bb2 e5 15.
Nf3 Rfe8 16. c4 a5 17. b5 Bd7 18. Nd2 Bg4 19. f3 Bh5 20. Rad1 Nd7 21. Nb1 f6
22. Nc3 Bf7 23. Ba3 Bc5 24. Bc1 Bd4 25. Nd5 Bxd5 26. cxd5 Nb6 27. Qa2 Qc3 28.
Bc2 Rec8 29. Bb3 Nc4 30. Bd2 Nxd2 31. Rxd2 Rc5 32. Rc2 Qd3 33. Rfc1 Rac8 34.
Qb1 Rxc2 35. Rxc2 Rc3 36. Rb2 Qe3 37. Bc2 Qd2 38. Qd1 Qf2 39. h3 Re3 0-1

[Event "Lloyds Bank Masters 15th"]
[Site "London"]
[Date "1991.08.17"]
[Round "1"]
[White "Harley, Andrew D"]
[Black "Ernst, Thomas"]
[Result "1/2-1/2"]
[WhiteElo "2270"]
[BlackElo "2525"]
[PlyCount "96"]
[EventDate "1991.08.17"]
[EventType "swiss"]
[EventRounds "10"]
[EventCountry "ENG"]
[SourceTitle "BritBase"]
[Source "John Saunders"]
[SourceDate "2023.06.27"]
[SourceVersion "1"]
[SourceVersionDate "2023.06.27"]
[SourceQuality "1"]

1. e4 e5 2. Nf3 Nc6 3. Bb5 a6 4. Ba4 Nf6 5. O-O Nxe4 6. d4 b5 7. Bb3 d5 8. dxe5
Be6 9. Nbd2 Nc5 10. c3 d4 11. Ng5 Qxg5 12. Qf3 O-O-O 13. Bxe6+ fxe6 14. Qxc6
Qxe5 15. b4 Qd5 16. Qxd5 exd5 17. bxc5 dxc3 18. Nb3 d4 19. Ba3 Be7 20. Bb4 Bf6
21. a4 Kd7 22. axb5 axb5 23. Rfd1 Ke6 24. Rac1 Rd5 25. Rd3 c6 26. Ra1 Kf7 27.
Kf1 Re8 28. Re1 Ra8 29. Ra1 Rxa1+ 30. Nxa1 Rd8 31. Nc2 Ra8 32. Ke2 Ra2 33. Kd1
Rb2 34. Ba5 Rb1+ 35. Ke2 Rg1 36. g3 Rc1 37. Nxd4 Bxd4 38. Rxd4 c2 39. Bd2 Rb1
40. Rd7+ Kf8 41. Rc7 b4 42. Kd3 b3 43. Rxc6 c1=Q 44. Bxc1 Rxc1 45. Rb6 Rxc5 46.
Rxb3 Kf7 47. h4 h5 48. Rb6 Ra5 1/2-1/2

[Event "Lloyds Bank Masters 15th"]
[Site "London"]
[Date "1991.08.17"]
[Round "1"]
[White "Lorscheid, Gerhard"]
[Black "Kengis, Edvins"]
[Result "0-1"]
[WhiteElo "2275"]
[BlackElo "2575"]
[PlyCount "54"]
[EventDate "1991.08.17"]
[EventType "swiss"]
[EventRounds "10"]
[EventCountry "ENG"]
[SourceTitle "BritBase"]
[Source "John Saunders"]
[SourceDate "2023.06.27"]
[SourceVersion "1"]
[SourceVersionDate "2023.06.27"]
[SourceQuality "1"]

1. d4 e6 2. c4 b6 3. Nc3 Bb4 4. Qb3 c5 5. Nf3 Nc6 6. a3 Ba5 7. dxc5 bxc5 8. Bg5
Qb6 9. Qxb6 Bxc3+ 10. bxc3 axb6 11. e4 Nf6 12. Bd3 d6 13. O-O Nd7 14. Bf4 Ke7
15. Rfd1 Nce5 16. Nxe5 dxe5 17. Be3 Bb7 18. f3 Ra6 19. Rdb1 Rha8 20. Rb3 Kd8
21. Bc1 Ra4 22. Rab1 Kc7 23. Kf2 Ba6 24. Rb5 Bxb5 25. cxb5 c4 26. Be2 Nc5 27.
Ke3 Rd8 0-1

[Event "Lloyds Bank Masters 15th"]
[Site "London"]
[Date "1991.08.17"]
[Round "1"]
[White "Mortazavi, Ali"]
[Black "Rogers, Ian"]
[Result "1/2-1/2"]
[WhiteElo "2275"]
[BlackElo "2565"]
[PlyCount "90"]
[EventDate "1991.08.17"]
[EventType "swiss"]
[EventRounds "10"]
[EventCountry "ENG"]
[SourceTitle "BritBase"]
[Source "John Saunders"]
[SourceDate "2023.06.27"]
[SourceVersion "1"]
[SourceVersionDate "2023.06.27"]
[SourceQuality "1"]

1. e4 d5 2. exd5 Qxd5 3. Nc3 Qa5 4. d4 Nf6 5. Nf3 Bg4 6. Be2 Nc6 7. O-O O-O-O
8. Be3 e5 9. Ng5 Bxe2 10. Qxe2 exd4 11. Nxf7 Bd6 12. Nb5 dxe3 13. Nbxd6+ cxd6
14. Qxe3 Rhe8 15. Qh3+ Kb8 16. Nxd8 Qxd8 17. Rad1 d5 18. c4 d4 19. a3 Qc8 20.
Qd3 Qg4 21. h3 Qg5 22. b4 Re4 23. c5 Ne5 24. Qb3 d3 25. c6 bxc6 26. b5 c5 27.
b6 a6 28. Rxd3 Nxd3 29. Qf7 Nd7 30. Qxd7 Qe7 31. Qxd3 Kb7 32. Qd5+ Kxb6 33.
Rb1+ Ka7 34. Qd2 h5 35. Qa5 Qd6 36. Rc1 Re5 37. Qc3 g5 38. Qf3 Qe7 39. Kh2 g4
40. hxg4 hxg4 41. Qxg4 Qh7+ 42. Kg3 Qc7 43. f4 Re3+ 44. Kf2 Rxa3 45. Qf5 Ra4
1/2-1/2

[Event "Lloyds Bank Masters 15th"]
[Site "London"]
[Date "1991.08.17"]
[Round "1"]
[White "Murshed, Niaz"]
[Black "Holmes, Donald A"]
[Result "1-0"]
[WhiteElo "2510"]
[BlackElo "2270"]
[PlyCount "69"]
[EventDate "1991.08.17"]
[EventType "swiss"]
[EventRounds "10"]
[EventCountry "ENG"]
[SourceTitle "BritBase"]
[Source "John Saunders"]
[SourceDate "2023.06.27"]
[SourceVersion "1"]
[SourceVersionDate "2023.06.27"]
[SourceQuality "1"]

1. d4 f5 2. g3 Nf6 3. Bg2 d6 4. c3 c6 5. Bg5 Nbd7 6. Nd2 d5 7. Nh3 e6 8. Nf4
Qe7 9. Nd3 Qf7 10. Bf4 Be7 11. Nf3 O-O 12. Ng5 Qg6 13. Nxe6 Rf7 14. Ng5 Rf8 15.
Ne6 Rf7 16. Ng5 Rf8 17. Nf3 Nh5 18. O-O Nxf4 19. Nxf4 Qh6 20. Qc1 g5 21. Nd3 f4
22. gxf4 gxf4 23. Kh1 Nb6 24. Nfe5 Be6 25. Bf3 Nc4 26. Bg4 Nxe5 27. Bxe6+ Qxe6
28. dxe5 Qf5 29. f3 Kh8 30. Rg1 h5 31. Rg2 Rae8 32. Qd2 c5 33. Rag1 c4 34. Nxf4
Qxf4 35. Rg8+ 1-0

[Event "Lloyds Bank Masters 15th"]
[Site "London"]
[Date "1991.08.17"]
[Round "1"]
[White "Shirov, Alexei"]
[Black "Stisis, Yaacov"]
[Result "1-0"]
[WhiteElo "2610"]
[BlackElo "2280"]
[PlyCount "85"]
[EventDate "1991.08.17"]
[EventType "swiss"]
[EventRounds "10"]
[EventCountry "ENG"]
[SourceTitle "BritBase"]
[Source "John Saunders"]
[SourceDate "2023.06.27"]
[SourceVersion "1"]
[SourceVersionDate "2023.06.27"]
[SourceQuality "1"]

1. d4 d5 2. c4 e6 3. Nc3 c6 4. Nf3 Nf6 5. Bg5 dxc4 6. e4 b5 7. e5 h6 8. Bh4 g5
9. Nxg5 hxg5 10. Bxg5 Nbd7 11. g3 Rg8 12. h4 Rxg5 13. hxg5 Nd5 14. g6 fxg6 15.
Qg4 Qe7 16. Qxg6+ Qf7 17. Qxf7+ Kxf7 18. Bg2 Nxc3 19. bxc3 Rb8 20. Bxc6 Bb7 21.
Rh7+ Kg6 22. Rxd7 Bxc6 23. Rxa7 Bf3 24. Kd2 Bh6+ 25. Kc2 Rf8 26. Kb2 Rf5 27. a4
bxa4 28. R1xa4 Bd5 29. f4 Rh5 30. R4a6 Rh2+ 31. Ka3 Rc2 32. Kb4 Bf8+ 33. Rd6
Rb2+ 34. Kc5 Rb8 35. g4 Rc8+ 36. Kb5 Bxd6 37. exd6 Bf3 38. g5 Bd5 39. d7 Rd8
40. Kc5 Be4 41. Kd6 Kf7 42. Rc7 Bf5 43. g6+ 1-0

[Event "Lloyds Bank Masters 15th"]
[Site "London"]
[Date "1991.08.17"]
[Round "1"]
[White "Sorensen, Henrik"]
[Black "Hebden, Mark L"]
[Result "0-1"]
[WhiteElo "2255"]
[BlackElo "2485"]
[PlyCount "68"]
[EventDate "1991.08.17"]
[EventType "swiss"]
[EventRounds "10"]
[EventCountry "ENG"]
[SourceTitle "BritBase"]
[Source "John Saunders"]
[SourceDate "2023.06.27"]
[SourceVersion "1"]
[SourceVersionDate "2023.06.27"]
[SourceQuality "1"]

1. d4 Nf6 2. Nf3 g6 3. Bg5 Bg7 4. Nbd2 O-O 5. e4 d5 6. e5 Ne4 7. Bf4 c5 8. c3
Nc6 9. dxc5 Nxc5 10. Nb3 Na4 11. Qd2 Bg4 12. Nbd4 Qb6 13. b3 Nc5 14. Bd3 Rac8
15. Nxc6 Qxc6 16. Rc1 Bxf3 17. gxf3 Qe6 18. O-O Bxe5 19. Bb1 Bf6 20. Kg2 Rfd8
21. Rfe1 Qc6 22. Be5 Bxe5 23. Rxe5 Qd6 24. Rce1 e6 25. Qh6 Qf8 26. Qd2 Nd7 27.
Rg5 Qg7 28. Re3 Nf6 29. f4 Ne4 30. Bxe4 dxe4 31. Qe1 Qf6 32. Re5 Qxf4 33. R5xe4
Qg5+ 34. Kf1 Qh5 0-1

[Event "Lloyds Bank Masters 15th"]
[Site "London"]
[Date "1991.08.17"]
[Round "1"]
[White "Thipsay, Praveen Mahadeo"]
[Black "Britton, Richard L"]
[Result "1-0"]
[WhiteElo "2490"]
[BlackElo "2255"]
[PlyCount "57"]
[EventDate "1991.08.17"]
[EventType "swiss"]
[EventRounds "10"]
[EventCountry "ENG"]
[SourceTitle "BritBase"]
[Source "John Saunders"]
[SourceDate "2023.06.27"]
[SourceVersion "1"]
[SourceVersionDate "2023.06.27"]
[SourceQuality "1"]

1. e4 c5 2. Nf3 d6 3. d4 cxd4 4. Nxd4 Nf6 5. Nc3 a6 6. Be2 e5 7. Nb3 Be7 8. O-O
O-O 9. Be3 Be6 10. Qd2 Nbd7 11. a4 Rc8 12. Rfd1 Qc7 13. a5 Rfd8 14. Bf3 Bc4 15.
Nc1 Bb5 16. Nd3 Qc4 17. Ne1 Bc6 18. b3 Qe6 19. Nd5 Bxd5 20. exd5 Qf5 21. c4 e4
22. Be2 Ng4 23. Nc2 Bf6 24. Nd4 Bxd4 25. Qxd4 Nde5 26. b4 Qg6 27. Bf4 Re8 28.
Bg3 Nd3 29. Bxg4 1-0

[Event "Lloyds Bank Masters 15th"]
[Site "London"]
[Date "1991.08.18"]
[Round "2"]
[White "Ansell, Simon T"]
[Black "Howell, James C"]
[Result "1/2-1/2"]
[WhiteElo "2255"]
[BlackElo "2445"]
[PlyCount "97"]
[EventDate "1991.08.17"]
[EventType "swiss"]
[EventRounds "10"]
[EventCountry "ENG"]
[SourceTitle "BritBase"]
[Source "John Saunders"]
[SourceDate "2023.06.27"]
[SourceVersion "1"]
[SourceVersionDate "2023.06.27"]
[SourceQuality "1"]

1. e4 c5 2. Nf3 e6 3. d4 cxd4 4. Nxd4 Nf6 5. Nc3 d6 6. g4 Nc6 7. g5 Nd7 8. Be3
Be7 9. h4 O-O 10. Qe2 Nxd4 11. Bxd4 a6 12. O-O-O b5 13. Bg2 Bb7 14. Qg4 Rc8 15.
g6 e5 16. gxf7+ Rxf7 17. Be3 Nf6 18. Qe6 Rc4 19. Bf1 Rxc3 20. bxc3 Nxe4 21. Rg1
Qa5 22. Rd3 Qa3+ 23. Kd1 Nxc3+ 24. Ke1 Qxa2 25. Qxa2 Nxa2 26. Bg5 Nb4 27. Rd2
Bf8 28. Bh3 Rc7 29. Be6+ Kh8 30. Kd1 Bf3+ 31. Kc1 Be4 32. Bb3 a5 33. Bd8 Rc8
34. Bxa5 Ra8 35. Bxb4 Ra1+ 36. Kb2 Rxg1 37. Bxd6 Bxd6 38. Rxd6 g6 39. Rb6 Rh1
40. Rxb5 Rxh4 41. Rxe5 Kg7 42. Kc3 Kf6 43. Re8 Rf4 44. Kd2 Bg2 45. Ke3 g5 46.
Rf8+ Ke5 47. Re8+ Kf5 48. Rf8+ Ke5 49. Re8+ 1/2-1/2

[Event "Lloyds Bank Masters 15th"]
[Site "London"]
[Date "1991.08.18"]
[Round "2"]
[White "Corkett, Anthony R"]
[Black "Norwood, David Robert"]
[Result "1/2-1/2"]
[WhiteElo "2325"]
[BlackElo "2500"]
[PlyCount "45"]
[EventDate "1991.08.17"]
[EventType "swiss"]
[EventRounds "10"]
[EventCountry "ENG"]
[SourceTitle "BritBase"]
[Source "John Saunders"]
[SourceDate "2023.06.27"]
[SourceVersion "1"]
[SourceVersionDate "2023.06.27"]
[SourceQuality "1"]

1. d4 d6 2. g3 g6 3. Bg2 Bg7 4. Nf3 Nd7 5. O-O e5 6. c4 Ne7 7. Nc3 O-O 8. dxe5
dxe5 9. Qc2 c6 10. a4 a5 11. Rd1 Nf5 12. Ne4 Qe7 13. c5 Nf6 14. Bg5 h6 15. Bxf6
Bxf6 16. Nxf6+ Qxf6 17. Qc3 Re8 18. e4 Ng7 19. Rd6 Qe7 20. h3 f6 21. Rad1 Ne6
22. Kh2 Kg7 23. Qe3 1/2-1/2

[Event "Lloyds Bank Masters 15th"]
[Site "London"]
[Date "1991.08.18"]
[Round "2"]
[White "Crouch, Colin S"]
[Black "Shirov, Alexei"]
[Result "0-1"]
[WhiteElo "2365"]
[BlackElo "2610"]
[PlyCount "88"]
[EventDate "1991.08.17"]
[EventType "swiss"]
[EventRounds "10"]
[EventCountry "ENG"]
[SourceTitle "BritBase"]
[Source "John Saunders"]
[SourceDate "2023.06.27"]
[SourceVersion "1"]
[SourceVersionDate "2023.06.27"]
[SourceQuality "1"]

1. d4 d5 2. c4 Bf5 3. cxd5 Bxb1 4. Rxb1 Qxd5 5. a3 Nc6 6. e3 O-O-O 7. Ne2 Nf6
8. Nc3 Qg5 9. Qf3 Qg6 10. Bb5 Nd5 11. Ra1 Nxc3 12. bxc3 Na5 13. O-O e5 14. Qg3
Bd6 15. Qxg6 hxg6 16. h3 c5 17. Bb2 g5 18. Be2 f5 19. Rad1 c4 20. e4 Rhe8 21.
Bh5 Rh8 22. Bf7 f4 23. f3 Kc7 24. Kf2 b5 25. Ke2 Nb3 26. dxe5 Bxe5 27. Rxd8
Rxd8 28. Bd5 Nc5 29. Kd2 Na4 30. Kc2 Kb6 31. Rh1 Bf6 32. Re1 Kc5 33. Ba1 Be5
34. Rh1 Nb6 35. Be6 Rd3 36. Rd1 Rxd1 37. Kxd1 Kd6 38. Bf7 Na4 39. Kd2 Kc7 40.
Be8 Kb6 41. Kc2 Nc5 42. Kb1 Ka5 43. Bb2 Nd3 44. Ka2 Ka4 0-1

[Event "Lloyds Bank Masters 15th"]
[Site "London"]
[Date "1991.08.18"]
[Round "2"]
[White "Gurevich, Ilya"]
[Black "Afek, Yochanan"]
[Result "1/2-1/2"]
[WhiteElo "2495"]
[BlackElo "2325"]
[PlyCount "79"]
[EventDate "1991.08.17"]
[EventType "swiss"]
[EventRounds "10"]
[EventCountry "ENG"]
[SourceTitle "BritBase"]
[Source "John Saunders"]
[SourceDate "2023.06.27"]
[SourceVersion "1"]
[SourceVersionDate "2023.06.27"]
[SourceQuality "1"]

1. e4 c5 2. Nf3 Nc6 3. d4 cxd4 4. Nxd4 g6 5. c4 Bg7 6. Be3 Nf6 7. Nc3 O-O 8.
Be2 d6 9. O-O Bd7 10. Qd2 Nxd4 11. Bxd4 a5 12. Rad1 Bc6 13. Qe3 a4 14. f4 Qa5
15. e5 dxe5 16. fxe5 Nd7 17. Nd5 Bxd5 18. cxd5 e6 19. dxe6 fxe6 20. Bc3 Qc5 21.
Qxc5 Nxc5 22. Bc4 Rxf1+ 23. Rxf1 Rd8 24. g3 b6 25. Kg2 Ne4 26. Bxe6+ Kh8 27.
Bb4 Bxe5 28. b3 axb3 29. Bxb3 Nc5 30. Rd1 Rxd1 31. Bxd1 Kg7 32. Kf3 Kf6 33. Ke3
Ke6 34. Bf3 Bb2 35. Bc6 Ke5 36. Be8 g5 37. Kf3 Kf5 38. h3 Be5 39. Bd2 Bxg3 40.
Bxg5 1/2-1/2

[Event "Lloyds Bank Masters 15th"]
[Site "London"]
[Date "1991.08.18"]
[Round "2"]
[White "Hebden, Mark L"]
[Black "Gabriel, Christian"]
[Result "1-0"]
[WhiteElo "2485"]
[BlackElo "2315"]
[PlyCount "53"]
[EventDate "1991.08.17"]
[EventType "swiss"]
[EventRounds "10"]
[EventCountry "ENG"]
[SourceTitle "BritBase"]
[Source "John Saunders"]
[SourceDate "2023.06.27"]
[SourceVersion "1"]
[SourceVersionDate "2023.06.27"]
[SourceQuality "1"]

1. d4 Nf6 2. Nf3 d5 3. c4 g6 4. cxd5 Nxd5 5. e4 Nb6 6. h3 Bg7 7. Nc3 O-O 8. Be3
h6 9. Qb3 a5 10. a3 a4 11. Qc2 c6 12. Bd3 Be6 13. O-O N8d7 14. Rfe1 Kh7 15. Nd2
Qc8 16. Ne2 f6 17. Nf4 Bg8 18. e5 f5 19. e6 Nb8 20. Nf3 Bxe6 21. Nxe6 Qxe6 22.
Bxh6 Qd7 23. Bxg7 Kxg7 24. Qe2 Nd5 25. Bc4 Re8 26. Qe5+ Kh6 27. Qg3 1-0

[Event "Lloyds Bank Masters 15th"]
[Site "London"]
[Date "1991.08.18"]
[Round "2"]
[White "Kogan, Artur"]
[Black "Svidler, Peter"]
[Result "1-0"]
[WhiteElo "2295"]
[BlackElo "2460"]
[PlyCount "57"]
[EventDate "1991.08.17"]
[EventType "swiss"]
[EventRounds "10"]
[EventCountry "ENG"]
[SourceTitle "BritBase"]
[Source "John Saunders"]
[SourceDate "2023.06.27"]
[SourceVersion "1"]
[SourceVersionDate "2023.06.27"]
[SourceQuality "1"]

1. e4 e5 2. Nf3 Nc6 3. Bc4 Bc5 4. d3 Nf6 5. Nc3 d6 6. Bg5 h6 7. Bxf6 Qxf6 8.
Nd5 Qd8 9. c3 a6 10. d4 exd4 11. cxd4 Ba7 12. h3 O-O 13. O-O Be6 14. Rc1 Qd7
15. Qd2 Rac8 16. Nf6+ gxf6 17. d5 Kg7 18. dxc6 bxc6 19. Bxa6 Rb8 20. Rc3 Rg8
21. Nh4 Kh7 22. Rf3 Rg5 23. Bd3 Rbg8 24. Qf4 Qd8 25. e5+ Kh8 26. exf6 Bd5 27.
Rg3 Qe8 28. Nf5 R8g6 29. Ne7 1-0

[Event "Lloyds Bank Masters 15th"]
[Site "London"]
[Date "1991.08.18"]
[Round "2"]
[White "Mack, Andrew L"]
[Black "Davies, Nigel Rodney"]
[Result "1/2-1/2"]
[WhiteElo "2285"]
[BlackElo "2455"]
[PlyCount "81"]
[EventDate "1991.08.17"]
[EventType "swiss"]
[EventRounds "10"]
[EventCountry "ENG"]
[SourceTitle "BritBase"]
[Source "John Saunders"]
[SourceDate "2023.06.27"]
[SourceVersion "1"]
[SourceVersionDate "2023.06.27"]
[SourceQuality "1"]

1. e4 e5 2. Nf3 Nc6 3. Bb5 a6 4. Ba4 Nf6 5. O-O Be7 6. Re1 b5 7. Bb3 d6 8. c3
O-O 9. h3 Na5 10. Bc2 c5 11. d4 Bb7 12. d5 Nc4 13. Nbd2 Nxd2 14. Bxd2 c4 15.
Qe2 Nd7 16. a4 Nc5 17. Ra3 Qc7 18. Rea1 f5 19. exf5 Nxa4 20. f6 Bxf6 21. Qe4 g6
22. Bxa4 bxa4 23. Rxa4 Qf7 24. Qxc4 Bxd5 25. Qe2 Qb7 26. Be3 Bd8 27. Rxa6 Rxa6
28. Rxa6 Bc7 29. Ra7 Qc6 30. Qa6 Qxa6 31. Rxa6 Ra8 32. Rxa8+ Bxa8 33. b4 Kg7
34. c4 Kf6 35. c5 Bc6 36. cxd6 Bxd6 37. Bd2 Kf5 38. Ng5 h5 39. h4 Be7 40. f3
Bxg5 41. Bxg5 1/2-1/2

[Event "Lloyds Bank Masters 15th"]
[Site "London"]
[Date "1991.08.18"]
[Round "2"]
[White "Rogers, Ian"]
[Black "Calderwood, Stephen"]
[Result "1-0"]
[WhiteElo "2565"]
[BlackElo "2220"]
[PlyCount "57"]
[EventDate "1991.08.17"]
[EventType "swiss"]
[EventRounds "10"]
[EventCountry "ENG"]
[SourceTitle "BritBase"]
[Source "John Saunders"]
[SourceDate "2023.06.27"]
[SourceVersion "1"]
[SourceVersionDate "2023.06.27"]
[SourceQuality "1"]

1. d4 e6 2. e4 d5 3. Nc3 Nf6 4. e5 Nfd7 5. Nf3 c5 6. dxc5 Nc6 7. Bf4 Bxc5 8.
Bd3 f6 9. exf6 Nxf6 10. O-O O-O 11. Ne5 Nxe5 12. Bxe5 Bd7 13. Qe2 a6 14. a3 Qb6
15. Kh1 Rae8 16. f4 Bc6 17. Rae1 Rf7 18. Nd1 Ne4 19. c3 Rd8 20. Qg4 Re8 21. Rf3
Bd6 22. Bxd6 Nxd6 23. Rxe6 Rxe6 24. Qxe6 Ne4 25. Re3 Qb3 26. Re1 Bd7 27. Qe5
Rf5 28. Qe7 Bc6 29. Qe6+ 1-0

[Event "Lloyds Bank Masters 15th"]
[Site "London"]
[Date "1991.08.18"]
[Round "2"]
[White "Sakhatova, Gulnara->Sachs"]
[Black "Hodgson, Julian M"]
[Result "0-1"]
[WhiteElo "2345"]
[BlackElo "2570"]
[PlyCount "114"]
[EventDate "1991.08.17"]
[EventType "swiss"]
[EventRounds "10"]
[EventCountry "ENG"]
[SourceTitle "BritBase"]
[Source "John Saunders"]
[SourceDate "2023.06.27"]
[SourceVersion "1"]
[SourceVersionDate "2023.06.27"]
[SourceQuality "1"]

1. d4 d6 2. Nf3 Bg4 3. g3 Bxf3 4. exf3 g6 5. Bg2 Bg7 6. O-O d5 7. f4 e6 8. c3
Nd7 9. Nd2 Ne7 10. Nf3 c5 11. dxc5 Nxc5 12. Be3 Ne4 13. Qa4+ Qd7 14. Qxd7+ Kxd7
15. Ne5+ Ke8 16. Bxe4 dxe4 17. Nc4 Nf5 18. Rad1 b6 19. a4 Ke7 20. a5 Rhc8 21.
Nd2 Nxe3 22. fxe3 f5 23. axb6 axb6 24. Ra1 b5 25. Nb3 e5 26. Rxa8 Rxa8 27. Rd1
exf4 28. gxf4 Ra2 29. Nc5 Ke8 30. Ne6 Bf6 31. Nc7+ Kf8 32. Nd5 Be7 33. Rd2 h6
34. Rc2 Ra1+ 35. Kg2 Rd1 36. Nc7 Re1 37. Nxb5 Rxe3 38. Nd4 Rd3 39. Ne2 Kf7 40.
c4 Bc5 41. h4 Ke6 42. Nc3 Bd6 43. c5 Bxf4 44. c6 Rg3+ 45. Kf1 Rh3 46. Ne2 Bc7
47. Rd2 f4 48. Rd7 Rh1+ 49. Kf2 Bb6+ 50. Nd4+ Bxd4+ 51. Rxd4 Rh2+ 52. Kg1 Rc2
53. Rxe4+ Kf5 54. Re8 Rxc6 55. Kf2 Rb6 56. Re2 Kg4 57. h5 g5 0-1

[Event "Lloyds Bank Masters 15th"]
[Site "London"]
[Date "1991.08.18"]
[Round "2"]
[White "Timoscenko, Gennadij A"]
[Black "Webster, Andrew A"]
[Result "1-0"]
[WhiteElo "2505"]
[BlackElo "2340"]
[PlyCount "89"]
[EventDate "1991.08.17"]
[EventType "swiss"]
[EventRounds "10"]
[EventCountry "ENG"]
[SourceTitle "BritBase"]
[Source "John Saunders"]
[SourceDate "2023.06.27"]
[SourceVersion "1"]
[SourceVersionDate "2023.06.27"]
[SourceQuality "1"]

1. d4 g6 2. e4 Bg7 3. Nf3 c6 4. Be2 d5 5. e5 Bg4 6. Nbd2 e6 7. h3 Bxf3 8. Nxf3
Ne7 9. c3 c5 10. O-O O-O 11. Bf4 cxd4 12. cxd4 Nbc6 13. Qd2 Nf5 14. g4 Nfe7 15.
Rac1 Qb6 16. Rc3 Rae8 17. Re1 a6 18. Kg2 f6 19. Rb3 Qa7 20. exf6 Rxf6 21. Bg3
Ref8 22. Bd1 R6f7 23. Rd3 Nd8 24. Ne5 Bxe5 25. Rxe5 Nec6 26. Re1 b5 27. Qe3 Nb4
28. Rd2 Nbc6 29. h4 Qe7 30. g5 Na5 31. b3 Nab7 32. Bg4 Re8 33. Qe5 Qb4 34. Ree2
Nc6 35. Qe3 Nbd8 36. h5 Qf8 37. Rc2 Qg7 38. Red2 Rb7 39. Rxc6 Nxc6 40. Bxe6+
Rf7 41. Rc2 Nd8 42. Rc8 Qf8 43. Rxd8 Rxd8 44. hxg6 hxg6 45. Be5 1-0

[Event "Lloyds Bank Masters 15th"]
[Site "London"]
[Date "1991.08.18"]
[Round "2"]
[White "Wells, Peter K"]
[Black "Cavendish, James"]
[Result "0-1"]
[WhiteElo "2465"]
[BlackElo "2310"]
[PlyCount "68"]
[EventDate "1991.08.17"]
[EventType "swiss"]
[EventRounds "10"]
[EventCountry "ENG"]
[SourceTitle "BritBase"]
[Source "John Saunders"]
[SourceDate "2023.06.27"]
[SourceVersion "1"]
[SourceVersionDate "2023.06.27"]
[SourceQuality "1"]

1. Nf3 e6 2. c4 c5 3. Nc3 d5 4. cxd5 exd5 5. d4 Nc6 6. g3 Nf6 7. Bg2 Be7 8. O-O
O-O 9. dxc5 Bxc5 10. Bg5 d4 11. Bxf6 Qxf6 12. Nd5 Qd8 13. Nd2 Re8 14. Rc1 Bb6
15. Re1 Bg4 16. Nc4 Be6 17. Nf4 Bxc4 18. Rxc4 Ne5 19. Rc1 d3 20. exd3 Qd4 21.
Rc2 g5 22. Re4 Qd6 23. Rce2 f5 24. Rxe5 Rxe5 25. Nh5 Rae8 26. Qb3+ Kf8 27. Rc2
Re2 28. Rxe2 Rxe2 29. Qc3 Qe5 30. Qc8+ Kf7 31. Qd7+ Kg6 32. Bd5 Rxf2 33. Qf7+
Kh6 34. Qf8+ Kxh5 0-1

[Event "Lloyds Bank Masters 15th"]
[Site "London"]
[Date "1991.08.18"]
[Round "2"]
[White "Chandler, Murray G"]
[Black "Morris, Philip J"]
[Result "1/2-1/2"]
[WhiteElo "2605"]
[BlackElo "2385"]
[PlyCount "91"]
[EventDate "1991.08.17"]
[EventType "swiss"]
[EventRounds "10"]
[EventCountry "ENG"]
[SourceTitle "BritBase"]
[Source "John Saunders"]
[SourceDate "2023.06.27"]
[SourceVersion "1"]
[SourceVersionDate "2023.06.27"]
[SourceQuality "1"]

1. e4 e5 2. Nf3 Nc6 3. Bb5 a6 4. Ba4 Nf6 5. O-O Nxe4 6. d4 b5 7. Bb3 d5 8. dxe5
Be6 9. Nbd2 Nc5 10. c3 Be7 11. Bc2 Bg4 12. Re1 Qd7 13. b4 Ne6 14. a4 O-O 15.
Qe2 Bh5 16. axb5 axb5 17. Rxa8 Rxa8 18. Nb3 Bg6 19. Bxg6 hxg6 20. Rd1 Ncd8 21.
g3 c5 22. bxc5 Nxc5 23. Nbd4 Ne4 24. Qxb5 Qxb5 25. Nxb5 Ra1 26. Rf1 Bc5 27. Be3
Rxf1+ 28. Kxf1 Bxe3 29. fxe3 Ne6 30. Ke2 Kf8 31. Nfd4 Ke7 32. Nc6+ Kd7 33. Nb4
N6c5 34. Nxd5 Ke6 35. c4 Kxe5 36. g4 f5 37. gxf5 gxf5 38. h4 g5 39. hxg5 Nxg5
40. Nd4 Nge4 41. Nf3+ Ke6 42. Nf4+ Kf6 43. Nd3 Ng3+ 44. Kd2 Nf1+ 45. Kc3 Ne6
46. Nf4 1/2-1/2